| 000 | 00455nam a2200169Ia 4500 | ||
|---|---|---|---|
| 005 | 20240823033908.0 | ||
| 008 | 240823s9999||||xx |||||||||||||| ||und|| | ||
| 041 | _aENGLISH | ||
| 082 | _A346.0486 P3 | ||
| 100 | _aKrishnan Arora Ed. | ||
| 245 | 0 | _a"The Patents Act, 1970 along with Rules, 2003 as amended w.e.f. 1- 1-2005" | |
| 250 | _a1st | ||
| 260 |
_c2005 _bProfessional Book Publi |
||
| 500 | _aYES | ||
| 650 |
_aPatents _bGeneral |
||
| 942 | _cBK | ||
| 999 |
_c196918 _d196918 |
||